[Event "Barcelona Catalunya op 26th"]
[Site "Barcelona"]
[Date "2014.09.27"]
[Round "1"]
[White "Jimenez Martinez, Xavier"]
[Black "Martinez Arranz, Nagore"]
[Result "1-0"]
[WhiteElo "2066"]
[BlackElo "1810"]
[PlyCount "27"]
[EventDate "2014.09.27"]
[EventType "swiss"]
[EventRounds "9"]
[EventCountry "ESP"]
[SourceTitle "EXT 2017"]
[Source "ChessBase"]
[SourceDate "2016.10.25"]
[SourceVersion "1"]
[SourceVersionDate "2016.10.25"]
[SourceQuality "1"]

1. d4 d5 2. c4 e6 3. Nc3 Nf6 4. Bf4 Bb4 5. a3 Bxc3+ 6. bxc3 Ne4 7. Qc2 Qf6 8. e3 Bd7 9. Bxc7 0-0 10. Nf3 Rc8 11. Be5 Qf5 12. Bd3 dxc4 13. Bxe4 Qg4 14. Bxb7 1-0

[Event "Barcelona Sant Marti op-B 16th"]
[Site "Barcelona"]
[Date "2014.07.14"]
[Round "2"]
[White "Jimenez Martinez, Xavier"]
[Black "Pallares Gurrea, Aitor Alexander"]
[Result "1/2-1/2"]
[WhiteElo "2066"]
[BlackElo "1956"]
[PlyCount "83"]
[EventDate "2014.07.13"]
[EventType "swiss"]
[EventRounds "9"]
[EventCountry "ESP"]
[SourceTitle "CBM 161 Extra"]
[Source "ChessBase"]
[SourceDate "2014.08.29"]
[SourceVersion "1"]
[SourceVersionDate "2014.08.29"]
[SourceQuality "1"]

1. Nf3 Nf6 2. g3 d5 3. Bg2 c6 4. 0-0 Nbd7 5. d3 Qc7 6. Nbd2 e5 7. e4 dxe4 8. dxe4 Be7 9. b3 0-0 10. Bb2 Rd8 11. Qe2 b5 12. a4 a5 13. Rfc1 Ba6 14. Qe1 Bb4 15. c3 Bc5 16. h3 Bb6 17. Bf1 bxa4 18. b4 Qb7 19. Bxa6 Rxa6 20. Rxa4 Rda8 21. Nc4 Bc7 22. Rca1 axb4 23. Rxb4 Qc8 24. Rb1 c5 25. Rb5 Ra4 26. Qe2 Qa6 27. Bc1 Qe6 28. Nfd2 Qxh3 29. Rb7 R4a7 30. R7b3 h5 31. Qf1 Qg4 32. Ne3 Qg6 33. Nf5 Kf8 34. f3 h4 35. g4 Qh7 36. Qd3 h3 37. Nc4 h2+ 38. Kh1 Ra2 39. Bd2 Qh3 40. Qf1 Qh7 41. Qd3 Qh3 42. Qf1 1/2-1/2